[Event "Continental ch-Americas"]
[Site "Sao Paulo BRA"]
[Date "2009.07.27"]
[Round "4"]
[White "Flores,Di"]
[Black "Prasca Sosa,R"]
[Result "1-0"]
[WhiteElo "2579"]
[BlackElo "2414"]

1.c4 c6 2.Nf3 d5 3.e3 Nf6 4.Nc3 e6 5.b3 Nbd7 6.Qc2 Bd6 7.Bb2 O-O 8.Rg1 Re8
9.g4 Nf8 10.g5 Nh5 11.Be2 g6 12.cxd5 exd5 13.Nxd5 cxd5 14.Qc3 f6 15.gxf6 Ne6
16.Ng5 Nxf6 17.Qxf6 Qxf6 18.Bxf6 Rf8 19.Bc3 Bxh2 20.Rg2 Bd6 21.f4 Be7 22.Nf3 Nc5
23.d3 Bf5 24.Kd2 Rac8 25.Nd4 Bf6 26.Rc1 Ne6 27.Nxf5 Bxc3+ 28.Rxc3 Rxc3 29.Ne7+ Kf7
30.Nxg6 Rfc8 31.Ne5+ Ke7 32.Nc4 d4 33.f5 b5 34.fxe6 bxc4  1-0

[Event "ch-Africa"]
[Site "Tripoli LBA"]
[Date "2009.07.27"]
[Round "6"]
[White "Frhat,A"]
[Black "Wageih,K"]
[Result "1/2-1/2"]
[WhiteElo "2397"]
[BlackElo "2253"]

1.c4 c6 2.e4 d5 3.exd5 cxd5 4.cxd5 Qxd5 5.Nc3 Qd6 6.Nf3 Nf6 7.d4 a6 8.Be2 Nc6
9.O-O e6 10.Qa4 Be7 11.Ne5 O-O 12.Nxc6 bxc6 13.Rd1 Bb7 14.Bf3 Qc7 15.Qc2 c5
16.Bxb7 Qxb7 17.Bg5 cxd4 18.Rxd4 Rab8 19.Rd2 Rbc8 20.Rad1 h6 21.Bh4 Rc4 22.Rd4 Rfc8
23.h3 Qb4 24.a3 Qc5 25.Rxc4 Qxc4 26.Bxf6 Bxf6 27.Rd3 Rb8 28.Rd1 Qb3 29.Qxb3 Rxb3
30.Na4 Bxb2 31.Rb1 Rxa3 32.Nxb2 Rb3 33.h4 a5 34.g3 a4 35.Ra1 Rxb2 36.Rxa4 Kf8
37.Ra7 g5 38.hxg5 hxg5 39.Kg2 Kg7 40.Rd7 Kg6 41.g4 Rb6 42.Kg3 f5 43.gxf5+ exf5
44.Rd5 Rb3+ 45.Kg2 g4 46.Ra5 f4 47.Rc5 Rb2 48.Kg1 f3 49.Ra5 Rb1+ 50.Kh2 Rf1
51.Kg3 Rg1+ 52.Kf4 Rg2 53.Rg5+ Kf6 54.Rxg4 Rxf2 55.Rg3  1/2-1/2

[Event "Women's Open"]
[Site "Vratsa BUL"]
[Date "2009.07.27"]
[Round "3"]
[White "Voiska,M"]
[Black "Shivacheva,D"]
[Result "1-0"]
[WhiteElo "2332"]
[BlackElo "1645"]

1.c4 c6 2.e4 d5 3.exd5 cxd5 4.cxd5 Nf6 5.Nc3 Nbd7 6.Nf3 Nb6 7.Qb3 g6 8.a4 a6
9.a5 Nbxd5 10.Bc4 e6 11.d4 h6 12.O-O Bg7 13.Qa3 Bf8 14.Qb3 Bg7 15.Nxd5 Nxd5
16.Bxd5 Qxd5 17.Qb4 Bd7 18.Bf4 Bc6 19.Be5 Bxe5 20.dxe5 Rd8 21.Rfe1 g5 22.Rac1 Rg8
23.Rc4 Qd3 24.Rd4 Rxd4 25.Nxd4 Bd5 26.Qc5 f5 27.exf6 Kf7 28.Qe7+ Kg6 29.f7 Rc8
30.Nxe6 Qd2 31.f8=N+ Rxf8 32.Nxf8+ Kh5 33.Qe8+ Kg4 34.h3+  1-0

[Event "14th Open"]
[Site "Creon FRA"]
[Date "2009.07.28"]
[Round "2"]
[White "Ippolito,M"]
[Black "Ternault,M"]
[Result "1/2-1/2"]
[WhiteElo "2287"]
[BlackElo "1962"]

1.c4 c6 2.Nf3 Nf6 3.g3 d5 4.b3 Bf5 5.Bg2 Nbd7 6.Bb2 e6 7.O-O Bd6 8.Nc3 Qe7
9.a3 O-O 10.d3 Rfe8 11.h3 Rad8 12.Nh4 dxc4 13.bxc4 Nc5 14.Qc2 Be5 15.Rad1 h6
16.Nxf5 exf5 17.e3 Bb8 18.Rfe1 h5 19.h4 Ng4 20.d4 Ne4 21.Nxe4 fxe4 22.d5 cxd5  1/2-1/2

[Event "Dutch Open"]
[Site "Dieren NED"]
[Date "2009.07.28"]
[Round "7"]
[White "Ypma,P"]
[Black "Shreyansh,D"]
[Result "1-0"]
[WhiteElo "2012"]
[BlackElo "2279"]

1.c4 c6 2.e4 d5 3.exd5 cxd5 4.d4 Nf6 5.Nc3 e6 6.Nf3 Be7 7.Bd3 O-O 8.O-O dxc4
9.Bxc4 Nc6 10.Bf4 Nb4 11.Rc1 b6 12.Qe2 Bb7 13.Rfd1 Rc8 14.Ne5 Nbd5 15.Bg5 h6
16.Bd2 Nxc3 17.bxc3 Qc7 18.Bd3 Rfd8 19.Re1 Bd6 20.f4 Ba3 21.Rc2 g6 22.Qf2 Bf8
23.f5 exf5 24.Bxf5 gxf5 25.Qxf5 Bg7 26.Re3 Be4 27.Rxe4 Nxe4 28.Qxe4 Qd6 29.Bf4 Qd5
30.Qe3 Re8 31.Qg3 Kh8 32.Qh3 Qe4 33.Rf2 Qe1+ 34.Rf1 Qxc3 35.Nxf7+ Kg8 36.Nxh6+ Bxh6
37.Qxh6 Qxd4+ 38.Kh1 Qg7 39.Qh3 Rc6 40.Bd2 Qf7 41.Qg3+ Rg6 42.Qd3 Qe6 43.Bc3 Rc8
44.Qd4 Kh7 45.Rf3 Rcg8 46.Bd2 R8g7 47.Rh3+ Kg8 48.Qd8+ Kf7 49.Rf3+ Rf6 50.Rxf6+ Qxf6
51.Qxf6+ Kxf6 52.Bc3+  1-0

[Event "zt 3.3"]
[Site "Ho Chi Minh City VIE"]
[Date "2009.07.28"]
[Round "8"]
[White "Vo Thanh Ninh"]
[Black "Kojima,S"]
[Result "0-1"]
[WhiteElo "2340"]
[BlackElo "2323"]

1.c4 c6 2.g3 d5 3.Nf3 Nf6 4.Bg2 dxc4 5.O-O Nbd7 6.Na3 Nb6 7.Qc2 Qd5 8.Qc3 Ne4
9.Qe3 Nd6 10.Nd4 Nf5 11.Bxd5 Nxe3 12.Bxf7+ Kxf7 13.fxe3+ Ke8 14.Nf3 g6 15.d3 Bg7
16.d4 Bg4 17.Bd2 c5 18.Bc3 Rc8 19.Rad1 Nd5 20.dxc5 Nxc3 21.bxc3 Rxc5 22.Rb1 e6
23.Nd4 Bh6 24.Nac2 e5 25.Nb5 Ke7 26.Nxa7 Ra8 27.Nb5 Bxe2 28.Rfe1 Bd3 29.Nba3 Rca5
30.Rb6 Rxa3 31.Nxa3 Rxa3 32.Rxb7+ Kf6 33.g4 Rxa2 34.h4 Bf8 35.Rb6+ Kf7 36.Rb7+ Be7
37.g5 Ke6 38.Rc7 Bd6 39.Rxh7 Kf5 40.h5 Kg4 41.Rd7 Kh3 42.hxg6 Rg2+ 43.Kh1 Be4
44.Rh7+ Kg3 45.Rf1 Bc5 46.Rff7 Bxe3 47.Rf1 Rg1+  0-1

[Event "ZMD Open"]
[Site "Dresden GER"]
[Date "2009.07.29"]
[Round "5"]
[White "Ovsejevitsch,S"]
[Black "Breder,D"]
[Result "1-0"]
[WhiteElo "2583"]
[BlackElo "2435"]

1.c4 c6 2.d4 d5 3.e3 Bf5 4.Nc3 e6 5.g4 Bg6 6.Nge2 Bd6 7.Qb3 Qc7 8.Bg2 Nf6
9.g5 dxc4 10.Qxc4 Nd5 11.e4 Nb6 12.Qb3 N8d7 13.a4 a5 14.Be3 Rd8 15.Rc1 Bb4
16.h4 Bh5 17.Nf4 Bg4 18.Nd3 Be7 19.O-O h6 20.g6 Bxh4 21.Nb5  1-0

[Event "MTO"]
[Site "Biel SUI"]
[Date "2009.07.31"]
[Round "11"]
[White "Belov,Vl"]
[Black "Grachev,B"]
[Result "1/2-1/2"]
[WhiteElo "2627"]
[BlackElo "2669"]

1.c4 c6 2.e4 e5 3.Nf3 d6 4.d4 Bg4 5.Be2 Be7 6.Nc3 Bxf3 7.Bxf3 Bg5 8.Bxg5 Qxg5
9.O-O Qe7 10.Qd2 Nf6 11.b4 Nbd7 12.dxe5 dxe5 13.c5 Nf8 14.Ne2 Ne6 15.Qc3 Ng5
16.Ng3 g6 17.Rad1 h5 18.h4 Nxf3+ 19.gxf3 O-O 20.Kg2  1/2-1/2

[Event "Open"]
[Site "Kavala GRE"]
[Date "2009.08.01"]
[Round "1"]
[White "Dorfanis,I"]
[Black "Sandipan,C"]
[Result "0-1"]
[WhiteElo "2194"]
[BlackElo "2585"]

1.c4 c6 2.Nf3 d5 3.d4 Nf6 4.e3 e6 5.b3 Nbd7 6.Bd3 Bd6 7.Bb2 b6 8.O-O Bb7
9.Nbd2 O-O 10.e4 dxe4 11.Nxe4 Nxe4 12.Bxe4 Qc7 13.Qe2 Kh8 14.Bc2 Rae8 15.Ne5 f5
16.Rad1 Nxe5 17.dxe5 Be7 18.Rd3 c5 19.Rfd1 Bc6 20.Rh3 g6 21.Rd6 Qc8 22.Qd2 Kg8
23.Qh6 Rf7 24.Rd1 Qa8 25.Rg3 Bf8 26.Qf4 Be4 27.Bxe4 fxe4 28.Qe3 Rd8 29.Qe2 Rfd7
30.Rxd7 Rxd7 31.h4 Qd8 32.Qxe4 Rd1+ 33.Kh2 Rd2 34.Bc3 Rxf2 35.h5 Bh6 36.Rg4 g5
37.Qc6 Qe7 38.Rg3 Qf7 39.Qa8+ Kg7 40.Rf3 Qxh5+ 41.Kg1 Rxf3 42.gxf3 Qf7 43.Kg2 Kg6
44.Qd8 Bg7 45.Qd3+ Qf5 46.Qe4 Qxe4 47.fxe4 h5 48.a3 g4 49.b4 h4 50.bxc5 bxc5
51.a4 Bh6 52.a5 a6 53.Be1 h3+ 54.Kf1 Bf4 55.Bf2 g3 56.Bxc5 Kh5  0-1

[Event "Arctic Chess Challenge"]
[Site "Tromso NOR"]
[Date "2009.08.02"]
[Round "2"]
[White "Hansen,TR"]
[Black "Gandrud,V"]
[Result "1-0"]
[WhiteElo "2440"]
[BlackElo "2169"]

1.c4 c6 2.e4 d5 3.exd5 cxd5 4.cxd5 Nf6 5.Nc3 Nxd5 6.Nf3 e6 7.d4 Bb4 8.Qc2 Nd7
9.a3 Be7 10.Nxd5 exd5 11.Bd3 Nf6 12.O-O O-O 13.Bf4 Bg4 14.Ne5 Be6 15.Rad1 Qb6
16.Qe2 Rac8 17.Rfe1 a6 18.Bg5 Rfe8 19.Bb1 Rc7 20.h4 g6 21.Bxf6 Bxf6 22.h5 Bg7
23.Qd2 Rce7 24.h6 Bh8 25.b4 Qd6 26.Qf4 Bd7 27.Ba2 Bxe5 28.dxe5 Rxe5 29.Rxe5 Rxe5
30.Qd4 Qf6 31.Bxd5 Re1+ 32.Kh2 Re5 33.Bf3 Bb5 34.Qd8+ Qxd8 35.Rxd8+ Re8 36.Rxe8+ Bxe8
37.Bxb7 Bb5 38.Kg3 f6 39.Kf4 Kf7 40.Ke3 Ke6 41.Kd4 Kd6 42.Bd5 Bd7 43.Bg8  1-0

[Event "HZ Open"]
[Site "Vlissingen NED"]
[Date "2009.08.02"]
[Round "2"]
[White "Timmermans,I"]
[Black "Meenu,R"]
[Result "1/2-1/2"]
[WhiteElo "2223"]
[BlackElo "2003"]

1.c4 c6 2.d4 d5 3.e3 Nf6 4.Nf3 e6 5.b3 Bd6 6.Bb2 Nbd7 7.Bd3 O-O 8.O-O Ne4
9.Nbd2 f5 10.Ne5 Nxe5 11.dxe5 Bb4 12.Nf3 Bd7 13.Qc2 Rc8 14.a3 Be7 15.b4 b5
16.cxb5 cxb5 17.Qe2 Qb6 18.Nd4 a6 19.Rfc1 Qb8 20.Nb3 Rxc1+ 21.Rxc1 Rc8 22.Rxc8+ Qxc8
23.f3 Ng5 24.Bd4 Qc7 25.Kf2 Nf7 26.Qb2 g6 27.Ke2 Nd8 28.Nc5 Bxc5 29.Bxc5 Nb7
30.Be7 Be8 31.Bf6 Nd8 32.Kd2 Kf7 33.Qd4 Nc6 34.Qf4 Kg8 35.h4 Nb8 36.Qh6 Qf7
37.Bd8 Nc6 38.Bf6 Nb8 39.Qf4 Qc7 40.g4 Nd7 41.g5 Nb6 42.Qd4 Bd7 43.f4 Be8
44.Qc5 Qxc5 45.bxc5 Nc4+ 46.Bxc4 dxc4 47.Kc3 Kf7 48.Bd8  1/2-1/2

[Event "HZ Open"]
[Site "Vlissingen NED"]
[Date "2009.08.03"]
[Round "4"]
[White "Bosboom,M"]
[Black "Kogan,Ar"]
[Result "1/2-1/2"]
[WhiteElo "2444"]
[BlackElo "2542"]

1.c4 c6 2.Nf3 d5 3.e3 Nf6 4.b3 g6 5.Bb2 Bg7 6.Qc2 O-O 7.d3 a5 8.a3 b5 9.Nbd2 Qb6
10.Rb1 Nbd7 11.Be2 Ba6 12.O-O Rfe8 13.Ne5 Nxe5 14.Bxe5 Bh6 15.b4 a4 16.Nf3 Rac8
17.cxd5  1/2-1/2

[Event "GMA"]
[Site "Peterhof RUS"]
[Date "2009.08.04"]
[Round "2"]
[White "Nadjezhdin,D"]
[Black "Lugovskoy,M"]
[Result "1/2-1/2"]
[WhiteElo "2413"]
[BlackElo "2102"]

1.c4 c6 2.Nf3 d5 3.d4 Nf6 4.e3 a6 5.Nbd2 b5 6.b3 Bg4 7.Be2 Nbd7 8.O-O e6
9.Qc2 Bf5 10.Bd3 Bxd3 11.Qxd3 Be7 12.e4 dxe4 13.Nxe4 O-O 14.Bf4 Qb6 15.Rfd1 Rfd8
16.Qe2 c5 17.d5 exd5 18.cxd5 Re8 19.Ng3 Bd6 20.Qd2 Ne4  1/2-1/2

[Event "Mercosur Cup"]
[Site "Villa Martelli ARG"]
[Date "2009.08.05"]
[Round "2"]
[White "Trois,F"]
[Black "Oliveira,Si"]
[Result "1/2-1/2"]
[WhiteElo "2342"]
[BlackElo "2357"]

1.c4 c6 2.Nf3 d5 3.b3 Nf6 4.Bb2 Bg4 5.e3 e6 6.h3 Bh5 7.Be2 Nbd7 8.Nc3 Bc5
9.O-O O-O 10.d3 Qe7 11.d4 Ba3 12.Bxa3 Qxa3 13.Ne1 Bg6 14.Qd2 Ne4 15.Nxe4 dxe4
16.Nc2 Qe7 17.Qb4 Qxb4 18.Nxb4 c5 19.Nc2 e5 20.dxc5 Nxc5 21.Rfd1 Nd3 22.Rd2 a5
23.Ne1 a4 24.Nxd3 exd3 25.Bxd3 axb3 26.Bxg6 hxg6 27.Rb2 bxa2  1/2-1/2

[Event "24th ICT Acropolis"]
[Site "Chalkida GRE"]
[Date "2009.08.10"]
[Round "1"]
[White "Gurevich,M"]
[Black "Firat,B"]
[Result "1-0"]
[WhiteElo "2618"]
[BlackElo "2310"]

1.c4 c6 2.Nf3 d5 3.e3 Nf6 4.Qc2 g6 5.b3 Bg7 6.Bb2 O-O 7.Be2 Na6 8.a3 Bf5
9.d3 Rc8 10.O-O Nc5 11.Rd1 b5 12.Bd4 Ne6 13.Be5 g5 14.Nbd2 h6 15.Nf1 Bh7
16.Rac1 Qd7 17.Qb2 Qb7 18.b4 Rfd8 19.Ng3 a6 20.h4 dxc4 21.dxc4 Rxd1+ 22.Rxd1 c5
23.hxg5 hxg5 24.Rc1 bxc4 25.Bxc4 cxb4 26.axb4 g4 27.Nh4 Be4 28.Nhf5 Bxg2
29.Nxe7+ Qxe7 30.Kxg2 Qb7+ 31.e4 Nxe4 32.Bd5 Qxd5 33.Rxc8+ Nf8 34.Qd4 Qxe5
35.Qxe5 Bxe5 36.Nxe4 Kg7 37.Nc5 Ng6 38.Nxa6 f5 39.b5 f4 40.b6 Nh4+ 41.Kf1 g3
42.fxg3 fxg3 43.Rc4 g2+ 44.Kf2 Bd4+ 45.Rxd4 g1=Q+ 46.Kxg1 Nf3+ 47.Kf2 Nxd4
48.b7 Nc6 49.Nb4 Nb8 50.Ke3 Kf6 51.Kd4 Ke6 52.Kc5 Kd7 53.Nd5 Nc6 54.Kb6 Kd6
55.Nf6 Nb8 56.Ka7 Nc6+ 57.Ka8 Ke6 58.Ne4 Kd5 59.Nd2  1-0

[Event "IMB"]
[Site "Olomouc CZE"]
[Date "2009.08.11"]
[Round "7"]
[White "Langrock,H"]
[Black "Bures,J"]
[Result "1/2-1/2"]
[WhiteElo "2383"]
[BlackElo "2259"]

1.c4 c6 2.Nf3 d5 3.e3 Nf6 4.Nc3 e6 5.b3 Nbd7 6.Bb2 Bd6 7.Qc2 a6 8.d4 O-O
9.Be2 b5 10.O-O Bb7 11.c5 Be7 12.Bd3 b4 13.Ne2 a5 14.Ne5 Nxe5 15.dxe5 Ng4
16.h3 Nxe5 17.Bxh7+ Kh8 18.f4  1/2-1/2

[Event "25th Open"]
[Site "Geraadsbergen BEL"]
[Date "2009.08.13"]
[Round "4"]
[White "Tonoli,W"]
[Black "Ringoir,T"]
[Result "1/2-1/2"]
[WhiteElo "2158"]
[BlackElo "2406"]

1.c4 c6 2.Nf3 d5 3.b3 Nf6 4.g3 g6 5.Bb2 Bg7 6.Bg2 O-O 7.O-O Nbd7 8.e3 a6
9.a4 Nc5 10.d4 Nce4 11.Nbd2 Nxd2 12.Nxd2 b6 13.a5 b5 14.cxb5 cxb5 15.Ba3 Bf5
16.f3 Be6 17.Bc5 Qd7 18.b4 Ne8 19.Nb3 Nd6 20.Bxd6 exd6 21.Rc1 Rac8 22.Qd2 Bh3
23.Rxc8 Rxc8 24.Rc1 Rc4 25.Rb1 Bxg2 26.Kxg2 Qc8 27.Rb2 Bh6 28.f4 Bg7 29.Na1 h5
30.Nc2 h4 31.Na3 Rc6 32.Rc2 hxg3 33.hxg3 Kf8  1/2-1/2

[Event "Jubilee Open"]
[Site "Zuerich SUI"]
[Date "2009.08.13"]
[Round "7"]
[White "Mesropov,K"]
[Black "Malakhatko,V"]
[Result "0-1"]
[WhiteElo "2414"]
[BlackElo "2570"]

1.c4 c6 2.g3 d5 3.Nf3 Nf6 4.Bg2 g6 5.b3 Bg7 6.Bb2 O-O 7.O-O Bg4 8.d3 Bxf3
9.Bxf3 e6 10.b4 a5 11.a3 Qb6 12.Nc3 axb4 13.axb4 Nbd7 14.cxd5 cxd5 15.b5 Rfc8
16.Qb3 Ne8 17.Na4 Qd8 18.Bxg7 Kxg7 19.d4 Rc4 20.Nb2 Rcc8 21.Na4 Qf6 22.Qd1 Rc4
23.e3 Raxa4 24.Rxa4 Rxa4 25.Qxa4 Qxf3 26.Qa8 Ndf6 27.Qxb7 Nd6 28.Qb8 Nc4
29.b6 Nd7 30.Qc7 Ndxb6 31.Rb1 Na4 32.Qf4 Qxf4 33.gxf4 Nc3 34.Rb3 Ne4 35.Kg2 h6
36.h3 Ncd6 37.Ra3 Nf5 38.Ra2 Nh4+ 39.Kf1 g5 40.fxg5 hxg5 41.Ra1 f5 42.Ke2 f4
43.Ra6 Kf6 44.Ra8 f3+ 45.Kf1 Ng6 46.Ra6 Ne7 47.Kg1 Nf5 48.Ra8 Nfd6 49.Rb8 Kf7
50.Rb6 Nc4 51.Rb7+ Kg6 52.Rb3 Ncd2 53.Rb2 Kf5 54.Ra2 e5 55.dxe5 Kxe5 56.Rb2 Kd6
57.Rb8 Nc3 58.Rf8 Kc5 59.Rc8+ Kb4 60.h4 gxh4 61.Rh8 Kc4 62.Rxh4+ Kd3 63.Rb4 Ke2
64.Rb2 Nd1 65.Ra2 Nxe3 66.Ra5 d4 67.Re5 Nc4  0-1

[Event "24th ICT Acropolis"]
[Site "Chalkida GRE"]
[Date "2009.08.15"]
[Round "6"]
[White "Gelashvili,T"]
[Black "Yilmaz,M"]
[Result "1-0"]
[WhiteElo "2605"]
[BlackElo "2432"]

1.c4 c6 2.e4 d5 3.exd5 cxd5 4.d4 Nf6 5.Nc3 e6 6.Nf3 Be7 7.cxd5 exd5 8.Ne5 O-O
9.Bd3 Nc6 10.O-O Be6 11.Be3 g6 12.Bh6 Re8 13.Bb5 Rc8 14.Rc1 Nd7 15.Bf4 Ndxe5
16.dxe5 Qa5 17.Qa4 Qxa4 18.Nxa4 Nd4 19.Nc3 Red8 20.Bd3 Nc6 21.Nb5 a6 22.Nd6 Bxd6
23.exd6 f6 24.Rfe1 Kf7 25.h4 Ne5 26.Rxc8 Bxc8 27.Bxe5 fxe5 28.Rxe5 Rxd6 29.f4 Be6
30.Kf2 Rc6 31.Kf3 Rc1 32.h5 Kf6 33.hxg6 hxg6 34.g4 Bd7 35.g5+ Kf7 36.Ke3 Bc6
37.f5 gxf5 38.Rxf5+ Ke6 39.g6 Rg1 40.Kf4 Rg2 41.Rg5 Rxg5 42.Kxg5 Be8 43.g7 Bf7
44.Bh7 Ke5 45.Kg4 d4 46.a3 Bd5 47.Kg3 d3 48.Kf2 Kd4 49.g8=Q Bxg8 50.Bxg8 b5
51.Ke1 Ke3 52.Kd1 a5 53.Bf7 d2 54.Be8 b4 55.a4 Kd3 56.Bb5+  1-0

[Event "25th Open"]
[Site "Geraadsbergen BEL"]
[Date "2009.08.15"]
[Round "8"]
[White "Luminet,D"]
[Black "Hugaert,A"]
[Result "1-0"]
[WhiteElo "2197"]
[BlackElo "2066"]

1.c4 c6 2.Nc3 e6 3.Nf3 d5 4.e3 Nf6 5.b3 Nbd7 6.Qc2 Bd6 7.Bb2 a5 8.d4 O-O
9.Be2 Qe7 10.O-O dxc4 11.bxc4 e5 12.Rad1 e4 13.Nh4 g6 14.g3 h5 15.f3 exf3
16.Rxf3 Nh7 17.Nxg6 fxg6 18.Qxg6+ Kh8 19.Ne4 Ba3 20.Bxa3 Qxa3 21.Rdf1 Qe7
22.Rf7 Qxf7 23.Rxf7 Rd8 24.Qg7+  1-0

[Event "24th Open"]
[Site "Schwarzach AUT"]
[Date "2009.08.16"]
[Round "2"]
[White "Smirnov,Arte"]
[Black "Cremer,J"]
[Result "1-0"]
[WhiteElo "2441"]
[BlackElo "2161"]

1.c4 c6 2.Nf3 Nf6 3.Nc3 d5 4.e3 e6 5.b3 Bd6 6.Bb2 Nbd7 7.Qc2 Qe7 8.Be2 O-O
9.h3 dxc4 10.bxc4 e5 11.d4 Re8 12.g4 exd4 13.Nxd4 Nc5 14.O-O-O Nfe4 15.Nxe4 Nxe4
16.Bd3 Ba3 17.Bxe4 Bxb2+ 18.Kxb2 Qxe4 19.Qxe4 Rxe4 20.Rd3 Kf8 21.Rhd1 g6
22.f3 Re5 23.e4 Bd7 24.Nb3 Be8 25.Kc3 b6 26.Rd8 Rxd8 27.Rxd8 c5 28.Nc1 Kg7
29.Nd3 Re7 30.Nf4 Ba4 31.Nd5 Rd7 32.Rb8 f6 33.f4 Bc6 34.g5 fxg5 35.fxg5 Rb7
36.Rd8 Bd7 37.Nf6 Be6 38.Ne8+ Kf8 39.Nd6+  1-0

[Event "24th Open"]
[Site "Tetevan BUL"]
[Date "2009.08.16"]
[Round "3"]
[White "Popov,P"]
[Black "Ribarov,P"]
[Result "1/2-1/2"]
[WhiteElo "2254"]
[BlackElo "2109"]

1.c4 c6 2.d4 d5 3.e3 Nf6 4.Nf3 Bg4 5.Nbd2 e6 6.Be2 Nbd7 7.O-O Bd6 8.b3 O-O
9.Bb2 Qa5 10.h3 Bh5 11.a3 b5 12.c5 Qd8 13.Ne5 Bxe2 14.Qxe2 Ne4 15.Nxe4 dxe4
16.Nxd7 Qxd7 17.Qc2 f5 18.f4 exf3 19.Rxf3  1/2-1/2

[Event "24th ICT Acropolis"]
[Site "Chalkida GRE"]
[Date "2009.08.17"]
[Round "8"]
[White "Gelashvili,T"]
[Black "Stefanova,A"]
[Result "1/2-1/2"]
[WhiteElo "2605"]
[BlackElo "2535"]

1.c4 c6 2.e4 d5 3.exd5 cxd5 4.d4 Nf6 5.Nc3 g6 6.Qb3 Bg7 7.cxd5 O-O 8.Nge2 Nbd7
9.Nf4 Nb6 10.Be2 Bf5 11.O-O h6 12.a4 a5 13.Rd1 g5 14.Nh5 Nxh5 15.Bxh5 Qd6
16.Bf3 Rfd8 17.h3 Qb4 18.Qa3 Bc2 19.Re1 Bxd4 20.Rxe7 Qxa3 21.Rxa3 Nc4 22.Ra1 Re8
23.d6 Nxd6 24.Nd5 Rxe7 25.Nxe7+ Kf8 26.Nd5 Rc8 27.Bd2 Bxb2 28.Ra2 Be5 29.Nb6 Rc7
30.Nd7+ Rxd7 31.Rxc2 Nc4 32.Be1 Nb2 33.Bxa5 Nxa4 34.g3 Nb2 35.Be4 Kg7 36.Rc8 Nd3
37.Kf1 Bf6 38.Ke2 Ne5 39.Bf5 Rd5 40.Bb4 Ng6 41.Bd3 Be5 42.Re8 h5 43.Be4 Rb5
44.Bd2 Kf6 45.Bd3 Rd5 46.Be4 Rb5 47.Bd3 Rd5 48.Be4  1/2-1/2

[Event "16th Vienna Open"]
[Site "Vienna AUT"]
[Date "2009.08.18"]
[Round "4"]
[White "Schroll,G"]
[Black "Abel,D"]
[Result "1/2-1/2"]
[WhiteElo "2400"]
[BlackElo "2328"]

1.c4 c6 2.e4 d5 3.cxd5 cxd5 4.exd5 Nf6 5.Nc3 Nxd5 6.Nf3 Nxc3 7.bxc3 g6 8.Bb5+ Nd7
9.Ba3 Bg7 10.Qe2 Bf6 11.O-O O-O 12.Rfe1 Re8 13.h3 a6 14.Bc4 b5 15.Bd5 Rb8
16.Bd6 Rb6 17.Bb4 Bb7 18.Bxb7 Rxb7 19.a4 a5 20.Bd6 b4 21.Rac1 Rb6 22.Bf4 bxc3
23.dxc3 Qc8 24.Be3 Rb7 25.Nd4 Nc5 26.Qc4 Ne4 27.Qa6 Nc5 28.Qc4 Ne4 29.Qd5 Nxc3
30.Qf3 Rc7 31.Nb5 Rc4 32.Bh6 Nxb5 33.axb5 Bg7 34.Be3 Bb2 35.Rxc4 Qxc4 36.Qb7 a4
37.Bh6 Qb4 38.Rd1 Bg7 39.Qd7 Rf8 40.Bg5 Bf6 41.Bh6 Bg7 42.Bg5 Bf6 43.Bh6 Bg7
44.Ra1  1/2-1/2

[Event "3rd NH Chess Tournament"]
[Site "Amsterdam NED"]
[Date "2009.08.20"]
[Round "1"]
[White "Beliavsky,A"]
[Black "Smeets,J"]
[Result "0-1"]
[WhiteElo "2662"]
[BlackElo "2632"]

1.c4 c6 2.Nf3 d5 3.e3 Nf6 4.Nc3 e6 5.b3 Bd6 6.Bb2 O-O 7.d4 Nbd7 8.Bd3 e5
9.cxd5 cxd5 10.dxe5 Nxe5 11.Nxe5 Bxe5 12.O-O Bg4 13.Qb1 Bb8 14.Re1 Re8 15.h3 Bh5
16.Qc2 a6 17.Ne2 Bxe2 18.Qxe2 Be5 19.Rac1 Qe7 20.Bxe5 Qxe5 21.Qc2 Re7 22.Red1 g6
23.Bf1 Ne4 24.Qd3 Rd8 25.Qd4 Qxd4 26.Rxd4 f5 27.f3 Nf6 28.Kf2 Kf7 29.g4 Ke6
30.Bd3 Rf8 31.Rb4 fxg4 32.Rb6+ Kf7 33.hxg4 Kg7 34.Kg2 Rff7 35.g5 Nh5 36.Kf2 d4
37.exd4 Nf4 38.Rd1 Nh3+ 39.Kg3 Nxg5 40.f4 Re3+ 41.Kg2 Nh3 42.Bc4 Nxf4+ 43.Kh2 Rd7
44.d5 h5 45.d6 Kf6 46.Rxb7 Rxb7 47.d7 Rxd7 48.Rxd7 g5 49.Rf7+ Kg6 50.Rf8 a5
51.Bb5 Re5 52.Rg8+ Kh6 53.Bc4 g4 54.Kg3 Ng6 55.Rd8 Kg5 56.Bd3 Re3+ 57.Kf2 Rf3+
58.Ke1 Nf4 59.Bb5 g3 60.Rg8+ Kh4 61.Bc6 Rf2 62.a4 Rb2 63.Kd1 Rxb3 64.Kc2 Re3
65.Kd2 Re2+ 66.Kc3 g2 67.Kd4 Ne6+ 68.Kd3 Ng5  0-1

[Event "ch-FRA National B"]
[Site "Nimes FRA"]
[Date "2009.08.20"]
[Round "10"]
[White "Kosten,A"]
[Black "Prie,E"]
[Result "1/2-1/2"]
[WhiteElo "2497"]
[BlackElo "2491"]

1.c4 c6 2.Nc3 d5 3.cxd5 cxd5 4.d4 Nf6 5.Bf4 Nc6 6.e3 a6 7.Bd3 Bg4 8.f3 Bh5
9.Qb3 Na5 10.Qa4+ Nc6 11.Qb3 Na5 12.Qa4+ Nc6 13.Qb3  1/2-1/2

[Event "24th Open"]
[Site "Schwarzach AUT"]
[Date "2009.08.20"]
[Round "6"]
[White "Lipp,A"]
[Black "Popa,Cl"]
[Result "1-0"]
[WhiteElo "2091"]
[BlackElo "2233"]

1.c4 c6 2.Nf3 d5 3.d4 Nf6 4.Nc3 g6 5.e3 Bg7 6.Bd3 O-O 7.O-O b6 8.cxd5 cxd5
9.Qa4 Bb7 10.Rd1 e6 11.Bd2 a6 12.Rac1 Nbd7 13.Ne2 Re8 14.Bb4 Bf8 15.Bxf8 Rxf8
16.Qb4 Qb8 17.a4 a5 18.Qa3 Ba6 19.Bxa6 Rxa6 20.Rc6 Qb7 21.Rdc1 b5 22.Rxa6 Qxa6
23.Qd3 Qb6 24.axb5 Rb8 25.Nc3 Ne4 26.Nxe4 dxe4 27.Qxe4 Qxb5 28.Rc2 Qa4 29.Qd3 Qa1+
30.Qf1 Qa2 31.Qc1 Rb4 32.h3 Nb6 33.Ne5 f6 34.Rc8+ Nxc8 35.Qxc8+ Kg7 36.Qc7+ Kh8
37.Qd8+ Kg7 38.Qe7+ Kh6 39.Ng4+ Kg5 40.Qxf6+ Kh5 41.g3 Qb1+ 42.Kh2  1-0

[Event "16th Vienna Open"]
[Site "Vienna AUT"]
[Date "2009.08.20"]
[Round "6"]
[White "Eisenbeiser,A"]
[Black "Schneider,Il"]
[Result "1-0"]
[WhiteElo "2390"]
[BlackElo "2508"]

1.c4 c6 2.e4 d5 3.exd5 cxd5 4.cxd5 Nf6 5.Bb5+ Nbd7 6.Nc3 a6 7.Ba4 b5 8.Bc2 Bb7
9.Nf3 Nxd5 10.O-O e6 11.d4 Be7 12.Ne4 Rc8 13.Bd2 O-O 14.Rc1 N5f6 15.Nxf6+ Nxf6
16.Bf4 Bxf3 17.gxf3 Nd5 18.Be5 Bg5 19.Ra1 Bf4 20.Bxf4 Nxf4 21.Kh1 Rc4 22.d5 Qh4
23.Bb3 Qh3 24.Rg1 Rd4 25.Rxg7+ Kh8 26.Qxd4 Qxf3+ 27.Rg2+ e5 28.Qxe5+ f6 29.Qxf4 Qxf4
30.Rag1 Qf3 31.h4 Rg8 32.Kh2 Qf4+ 33.Kh3 Qf5+ 34.Kh2 Rg6 35.Rd1 Qf4+ 36.Kg1 Rxg2+
37.Kxg2 Qd6 38.Re1 a5 39.Re6 Qd7 40.a3 a4 41.Ba2 Qa7 42.d6 Qd4 43.f3 Qxb2+
44.Kh3 Qd4 45.Re8+ Kg7 46.Re7+ Kg6 47.d7 Qd6 48.Bb1+ f5 49.Re6+ Qxe6 50.d8=Q h6
51.Qf8 b4 52.Qxb4 Kh5 53.Qf4 Qg6 54.Qg3 Qe6 55.Bxf5 Qxf5+ 56.Qg4+ Qxg4+ 57.fxg4+ Kg6
58.Kg3 Kf6 59.Kf4  1-0

[Event "XXVI Open A"]
[Site "Collado Villalba ESP"]
[Date "2009.08.21"]
[Round "1"]
[White "Bote,V"]
[Black "Hernandez Yanez,J"]
[Result "1-0"]
[WhiteElo "2190"]
[BlackElo "1922"]

1.c4 c6 2.Nc3 d5 3.d4 Nf6 4.e3 a6 5.Nf3 Bg4 6.Qb3 b5 7.c5 Nbd7 8.a4 Bxf3
9.gxf3 e5 10.axb5 axb5 11.Rxa8 Qxa8 12.Qa2 Qb7 13.Be2 exd4 14.exd4 Be7 15.Be3 O-O
16.O-O Ra8 17.Qb3 Nf8 18.Na2 Ne6 19.Nb4 Nh5 20.Rd1 Nhf4 21.Bf1 Qc7 22.Qc3 Ng5
23.Bxf4 Qxf4 24.Bg2 Qc7 25.Qe3 Ne6 26.f4 Bf6 27.f5 Nf8 28.Rd3 Ra4 29.Rb3 h6
30.Qe8 Qf4 31.Qe3 Ra1+ 32.Bf1 Qg4+ 33.Qg3 Qd1 34.Qd3 Qg4+ 35.Qg3 Qxd4 36.Nc2 Rxf1+
37.Kxf1 Qd1+ 38.Ne1 Qc1 39.Qd6 Bxb2 40.Qxc6 Qc4+ 41.Rd3 d4 42.Qe4 Qxc5 43.Nf3 Qc7
44.Kg2 Qc8 45.Nxd4 Bxd4 46.Rxd4 Nh7 47.Qd5 Qe8 48.Re4 Qb8 49.Rb4 Nf6 50.Qxb5 Qa8+
51.Qb7 Qa2 52.Qc8+ Kh7 53.Rb8 Qd5+ 54.f3 Ne8 55.Qxe8 Qxf5 56.Qe4  1-0

[Event "RUS-CHN Match Rapid"]
[Site "Sochi RUS"]
[Date "2009.08.21"]
[Round "4"]
[White "Tomashevsky,E"]
[Black "Ni Hua"]
[Result "1/2-1/2"]
[WhiteElo "2689"]
[BlackElo "2701"]

1.c4 c6 2.Nf3 Nf6 3.d4 d5 4.e3 a6 5.Bd3 Bg4 6.Qb3 Qc7 7.cxd5 cxd5 8.Nc3 e6
9.Ne5 Nc6 10.f4 Bd6 11.Bd2 Nb4 12.Bb5+ axb5 13.Nxb5 Nc2+ 14.Kf1 Qb6 15.Nxd6+ Qxd6
16.Qxc2 Bf5 17.Qc5 Qa6+ 18.Ke1 Ne4 19.Qa3 Qxa3 20.bxa3 h5 21.Ke2 f6 22.Nf3 Rxa3
23.Bb4 Ra6 24.Nd2 Nd6 25.Bxd6 Rxd6 26.Rhc1 Kd7 27.Rc3 Rc6 28.Rxc6 Kxc6 29.Rc1+ Kd6
30.Rc3  1/2-1/2

[Event "9th Open"]
[Site "Brasschaat BEL"]
[Date "2009.08.23"]
[Round "9"]
[White "Both,E"]
[Black "Geboers,J"]
[Result "1-0"]
[WhiteElo "2234"]
[BlackElo "1988"]

1.c4 c6 2.e4 e6 3.d4 d5 4.cxd5 cxd5 5.e5 Nc6 6.Nf3 Nge7 7.a3 a5 8.Nc3 Bd7
9.Bd3 Ng6 10.h4 Qb6 11.Be3 Be7 12.Na4 Qa7 13.Qb3 Rb8 14.Rc1 b5 15.Nc5 a4
16.Qd1 Bxc5 17.Rxc5 Na5 18.Ng5 Nb3 19.Qf3 Bc8 20.Bxb5+ Kf8 21.Rxc8+ Rxc8
22.Bxa4 h6 23.Nxe6+ Ke7 24.Qxd5 fxe6 25.Qd6+ Kf7 26.Bxb3 Qe7 27.h5 Nf8 28.Qa6 Nd7
29.Qd3 Rhd8 30.Qg6+ Kg8 31.Qxe6+ Qxe6 32.Bxe6+ Kf8 33.Bxd7 Rxd7 34.Kd2 Rb7
35.Rb1 Rd8 36.Kc2 Rc8+ 37.Kd3 Rcb8 38.b4 Ra8 39.Rb3 Rba7 40.Bc1 Ke7 41.d5 Rf8
42.Be3  1-0